La salud mental de los niños

Guardado en:
Detalles Bibliográficos
Autor principal: Freinet, Celestín (Autor)
Formato: Libro
Lenguaje:español
Publicado: Barcelona Laia 1973
Colección:Biblioteca de la Escuela Moderna, 11
Materias:
Etiquetas: Agregar Etiqueta
Sin Etiquetas, Sea el primero en etiquetar este registro!

MARC

LEADER 00000nam a2200000 a 4500
001 UCZ8000
003 CL-VaPUC
008 960112e19730000SP |||||||||||||||||spa|d
082 0 4 |a 370.15  |b FRE  |2 21 
100 0 |a Freinet, Celestín  |e author  |9 312183 
245 1 3 |a La salud mental de los niños 
300 |a 97 p 
942 |c BK 
945 |d 19960112 00:00:00  |a cmena 
260 |a Barcelona  |b Laia  |c 1973 
650 0 |a Psicología educacional   |9 307830 
650 0 |a Desarrollo mental   |9 313003 
650 0 |a Niños  |9 255605 
650 0 |a Psicología del niño  |9 307305 
650 0 |a Salud mental  |9 308393 
583 |a last modification  |c 19960112 00:00:00  |k Rodrigo Vera 
490 0 |a Biblioteca de la Escuela Moderna, 11 
999 |c 243969  |d 243967 
952 |0 0  |1 0  |4 0  |6 370_150000000000000_FRE_1973  |7 0  |8 A  |9 257858  |a BIBEDU  |b BIBEDU  |d 2019-11-19  |i 1615270  |o 370.15 FRE 1973  |p 1615270  |r 2019-11-19  |w 2019-11-19  |y BK  |k EDU